[Event "Skopje op"]
[Site "Skopje"]
[Date "2023.12.08"]
[Round "4"]
[White "Tasevski, Atanas"]
[Black "Veljanoski, Andrej"]
[Result "0-1"]
[WhiteElo "2005"]
[BlackElo "2300"]
[PlyCount "76"]
[EventDate "2023.12.06"]
[EventType "swiss"]
[EventRounds "9"]
[EventCountry "MKD"]
[SourceTitle "CB50_2023"]
[SourceDate "2023.12.13"]
[SourceVersion "1"]
[SourceVersionDate "2023.12.13"]
[SourceQuality "1"]

1. e4 e5 2. Nf3 Nc6 3. Bb5 a6 4. Bxc6 dxc6 5. 0-0 f6 6. d3 Bd6 7. Be3 Be6 8. Nbd2 Ne7 9. c3 0-0 10. Qc2 Qe8 11. b3 Qh5 12. Nc4 f5 13. Nxd6 cxd6 14. Ng5 Bd7 15. exf5 Bxf5 16. Ne4 Qg6 17. Rad1 Bg4 18. Rde1 h5 19. Kh1 Nd5 20. Qd2 Bf5 21. f3 Rad8 22. c4 Nf6 23. Rd1 d5 24. Nxf6+ gxf6 25. c5 d4 26. Bf2 Kh7 27. g3 Be6 28. f4 e4 29. dxe4 Qxe4+ 30. Kg1 Bh3 31. Qd3 Qxd3 32. Rxd3 Bxf1 33. Kxf1 Kg6 34. Ke2 Rd5 35. b4 a5 36. a3 axb4 37. axb4 Ra8 38. Kf3 Ra1 0-1

[Event "Skopje op"]
[Site "Skopje"]
[Date "2023.12.06"]
[Round "1"]
[White "Zhezhov, Emil"]
[Black "Tasevski, Atanas"]
[Result "0-1"]
[WhiteElo "1665"]
[BlackElo "2005"]
[PlyCount "110"]
[EventDate "2023.12.06"]
[EventType "swiss"]
[EventRounds "9"]
[EventCountry "MKD"]
[SourceTitle "CB50_2023"]
[SourceDate "2023.12.13"]
[SourceVersion "1"]
[SourceVersionDate "2023.12.13"]
[SourceQuality "1"]

1. Nf3 d5 2. g3 c5 3. Bg2 Nc6 4. d3 Nf6 5. Nbd2 e6 6. 0-0 b6 7. e4 Be7 8. Re1 0-0 9. e5 Nd7 10. Nf1 Bb7 11. h4 Re8 12. Bh3 Nf8 13. N1h2 Rc8 14. h5 h6 15. Ng4 f5 16. exf6 Bxf6 17. c3 Rc7 18. Bf4 Rf7 19. Bxh6 gxh6 20. Nxh6+ Kg7 21. Nxf7 Kxf7 22. Nh2 d4 23. c4 Ne7 24. Qa4 a6 25. Re2 Nc6 26. Rae1 Qc7 27. Ng4 Bc8 28. Bg2 Bd7 29. Nxf6 Kxf6 30. Qd1 Ke7 31. Qd2 Kd8 32. Qg5+ Kc8 33. Bh3 Qd8 34. Qxd8+ Kxd8 35. f4 Nb4 36. Rd2 Nh7 37. a3 Nc6 38. Rde2 e5 39. Bxd7 Kxd7 40. fxe5 Ke6 41. g4 Rg8 42. Rg2 Ng5 43. Rg3 Rf8 44. Kg2 Nxe5 45. h6 Rh8 46. Rh1 Kf6 47. Rf1+ Kg6 48. Rf5 Nxg4 49. Rd5 Ne3+ 50. Rxe3 dxe3 51. Rd6+ Kf5 52. Rxb6 e2 53. Kf2 Re8 54. Ke1 Nf3+ 55. Kf2 e1Q+ 0-1

[Event "Skopje op"]
[Site "Skopje"]
[Date "2022.10.22"]
[Round "2"]
[White "Davitkova, Jovana"]
[Black "Tasevski, Atanas"]
[Result "0-1"]
[WhiteElo "1294"]
[BlackElo "2230"]
[PlyCount "64"]
[EventDate "2022.10.21"]
[EventType "swiss"]
[EventRounds "9"]
[EventCountry "MKD"]
[SourceTitle "EXT 2024"]
[Source "ChessBase"]
[SourceDate "2023.10.10"]
[SourceVersion "1"]
[SourceVersionDate "2023.10.10"]
[SourceQuality "1"]

1. e4 d5 2. exd5 Nf6 3. d4 Nxd5 4. c4 Nb6 5. Nc3 e5 6. dxe5 Qxd1+ 7. Nxd1 Nc6 8. Bf4 Bb4+ 9. Bd2 Be6 10. Bxb4 Nxb4 11. Ne3 0-0-0 12. a3 Nd3+ 13. Bxd3 Rxd3 14. Rc1 Rhd8 15. Nf3 Na4 16. Rc2 Rb3 17. 0-0 Rxb2 18. Rfc1 Rd3 19. Rxb2 Nxb2 20. Ng5 Rxa3 21. Nxh7 Nxc4 22. Nxc4 Bxc4 23. f3 Bd5 24. Ng5 b5 25. Rd1 c6 26. Kf2 b4 27. Rd2 a5 28. f4 b3 29. f5 Ra2 30. Ke3 b2 31. Rd1 Ra1 32. Rxa1 bxa1Q 0-1

[Event "Skopje op"]
[Site "Skopje"]
[Date "2022.10.22"]
[Round "3"]
[White "Tasevski, Atanas"]
[Black "Georgieva, Emilia"]
[Result "0-1"]
[WhiteElo "2230"]
[BlackElo "1828"]
[PlyCount "61"]
[EventDate "2022.10.21"]
[EventType "swiss"]
[EventRounds "9"]
[EventCountry "MKD"]
[SourceTitle "EXT 2024"]
[Source "ChessBase"]
[SourceDate "2023.10.10"]
[SourceVersion "1"]
[SourceVersionDate "2023.10.10"]
[SourceQuality "1"]

1. e4 c6 2. c4 d5 3. exd5 cxd5 4. cxd5 Qxd5 5. Nc3 Qd8 6. d4 Nf6 7. Nf3 e6 8. Bc4 Be7 9. 0-0 0-0 10. Re1 a6 11. a4 Qc7 12. Qe2 Re8 13. Bg5 Bd7 14. Rad1 Nc6 15. Ne5 Rac8 16. Ba2 Nb4 17. Bb1 Nbd5 18. Rc1 Qd6 19. Ne4 Nxe4 20. Bxe7 Qxe7 21. Nxd7 Qxd7 22. Rxc8 Rxc8 23. Qxe4 Nf6 24. Qd3 Qxa4 25. Rd1 g6 26. h3 Kg7 27. g4 h6 28. f4 Qc4 29. Qxc4 Rxc4 30. Kf2 Rb4 31. Bc2 0-1